书目信息 |
| 题名: |
菊花种质资源保存研究
|
|
| 作者: | 兰伟 著 | |
| 分册: | ||
| 出版信息: | 北京 化学工业出版社 2021.6 |
|
| 页数: | 96页 | |
| 开本: | 24cm | |
| 丛书名: | ||
| 单 册: | ||
| 中图分类: | S682.1 | |
| 科图分类: | ||
| 主题词: | 菊花--种质资源 | |
| 电子资源: | ||
| ISBN: | 978-7-122-38826-1 | |
| 000 | 00782nam0 2200229 45 | |
| 001 | 012001001755 | |
| 005 | 20140912111634.0 | |
| 010 | @a978-7-122-38826-1@dCNY69.00 | |
| 100 | @a20210629d2021 em y0chiy50 ea | |
| 101 | 0 | @achi |
| 102 | @aCN@b110000 | |
| 105 | @aa z 000yy | |
| 106 | @ar | |
| 200 | 1 | @a菊花种质资源保存研究@Aju hua zhong zhi zi yuan bao cun yan jiu@b专著@f兰伟著 |
| 210 | @a北京@c化学工业出版社@d2021.6 | |
| 215 | @a96页@c图@d24cm | |
| 330 | @a本书不仅介绍了菊花这类常规植物种质资源保存,还重点研究了在保证植物种质遗传完整性的前提下,植物缓慢生长法离体保存技术,以达到中长期保存植物种质资源的目的。 | |
| 606 | 0 | @a菊花@x种质资源 |
| 690 | @aS682.1@v5 | |
| 701 | 0 | @a兰伟@Alan wei@4著 |
| 801 | 0 | @aCN@bBJSDL@c20211011 |
| 905 | @b1337089-92@dS682.1@e672@f4 | |
| 菊花种质资源保存研究/兰伟著.-北京:化学工业出版社,2021.6 |
| 96页:图;24cm |
| ISBN 978-7-122-38826-1:CNY69.00 |
| 本书不仅介绍了菊花这类常规植物种质资源保存,还重点研究了在保证植物种质遗传完整性的前提下,植物缓慢生长法离体保存技术,以达到中长期保存植物种质资源的目的。 |
| ● |
| 相关链接 |
|
|
|
|
正题名:菊花种质资源保存研究
索取号:S682.1/672
 
预约/预借
| 序号 | 登录号 | 条形码 | 馆藏地/架位号 | 状态 | 备注 |
| 1 | 1337089 | 213370895 | 第二样本阅览室/ [索取号:S682.1/672] | 在馆 | |
| 2 | 1337090 | 213370902 | 第三借阅区/ [索取号:S682.1/672] | 在馆 | |
| 3 | 1337091 | 213370911 | 第三借阅区/ [索取号:S682.1/672] | 在馆 | |
| 4 | 1337092 | 213370920 | 第三借阅区/ [索取号:S682.1/672] | 在馆 |